Представление документа в формате MARC21

Поле Инд. ПП Название Значение
Тип записи a
Библиографический уровень b
001 Контрольный номер RU/IS/BASE/264554040
005 Дата корректировки 20210302163601.6
008 Кодируемые данные 19970606
084 a Индекс другой классификации/Индекс ББК 63.3(2)52-35
097 00 a 750
100 10 a Автор Введенский Г.
q Полное имя Введенский Георгий
245 00 a Заглавие Мундиры М. Ю. Лермонтова
c Ответственность рисунки В. Мезенева
504 00 a Библиография Примеч.: с. 67
600 a Персоналии Лермонтов Михаил Юрьевич
650 a Основная рубрика история
653 00 a Ключевые слова XIX век
a Ключевые слова армия
a Ключевые слова военная служба
a Ключевые слова военная форма
a Ключевые слова гвардия
a Ключевые слова гусары
a Ключевые слова мундиры
a Ключевые слова одежда
a Ключевые слова Россия
773 00 t Заглавие источника Памятники Отечества
d Дата издания источника 1995
g Прочая информация № 34 (3 - 4). - С. 61 - 67 : ил.
w Контрольный № источника RU/IS/BASE/142436424
901 t Тип документа b